000 00521nam a2200181Ia 4500
003 OSt
005 20260226102051.0
008 220923b |||||||| |||| 00| 0 eng d
037 _cReferance Book
040 _aRTL
_cRTL
_beng
041 _2eng
_aeng
100 _aKORSCH karl
_91116696
245 0 _aMarxism and philosophy.
260 _aNew York
_bMonthly Press Review
_c1970
300 _a175 p.
_ccm.
942 _hX:3M24xM18:g, L0/SC
_cREF
_2CC
999 _c629958
_d629958